Catálogo
 En Linea

Constitución Española : (Registro nro. 42465)

Detalles MARC
000 -CABECERA
campo de control de longitud fija 00719nam a2200133 a 4500
001 - NÚMERO DE CONTROL
campo de control 000042976
005 - FECHA Y HORA DE LA ÚLTIMA TRANSACCIÓN
campo de control 20201002040537.0
008 - DATOS DE LONGITUD FIJA--INFORMACIÓN GENERAL
campo de control de longitud fija 140213s2003 sp 000 0 spa d
040 ## - FUENTE DE LA CATALOGACIÓN
Centro catalogador/agencia de origen DO-SdBNP
Lengua de catalogación spa
Centro/agencia transcriptor BNPHU
110 1# - ENTRADA PRINCIPAL--NOMBRE DE ENTIDAD CORPORATIVA
Nombre de entidad corporativa o nombre de jurisdicción como elemento de entrada España
9 (RLIN) 4524
245 10 - MENCIÓN DE TÍTULO
Título Constitución Española :
Resto del título aprobada por Las Cortes en sesiones plenarias del Congreso de los Diputados y del Senado celebradas el 31 de octubre de 1978 ; ratificada por el pueblo español en referéndum de 6 de diciembre de 1978 ; sancionada por S.M. el Rey ante Las Cortes el 27 de diciembre de 1978.
260 ## - PUBLICACIÓN, DISTRIBUCIÓN, ETC.
Lugar de publicación, distribución, etc. Madrid :
Nombre del editor, distribuidor, etc. Comisión Nacional Organizadora de los Actos Conmemorativos del 25 aniversario de la Constitución Española,
Fecha de publicación, distribución, etc. 2003.
300 ## - DESCRIPCIÓN FÍSICA
Extensión 54 p. ;
Dimensiones 19 cm.
Existencias
Estado de retiro Estado de pérdida Restricciones de uso No para préstamo Código de colección Localización permanente Ubicación/localización actual Ubicación en estantería Fecha de adquisición Número de inventario Total de préstamos Signatura topográfica completa Código de barras Fecha visto por última vez Precio válido a partir de Tipo de ítem Koha
      Excluido de préstamo Monografías: Libros y Folletos General General En catalogación 13.02.2014 LF1   42976-10 25.06.2020 25.06.2020 No se presta

Con tecnología Koha